000 00891nam a2200253Ia 4500
003 OSt
005 20220923220705.0
006 a|||||r|||| 00| 0
007 ta
008 220922b |||||||| |||| 00| 0 hin d
024 _a189,208
037 _cTextual
040 _aARTS
_cARTS
_bhin
041 _2hin
_ahin
082 _aO152,2N17:g, M8
100 _aराय, नरनारायण
245 0 _aजगदीश चन्द्र माथुर की नाट्य सृष्टि
246 _aJagadīsh chandra māthur kī nāṭya sṛuṣhṭi
260 _aनई दिल्ली
_b कादम्बरी प्रकाशन
_c1988
300 _a136पृ.
_ccm.
650 _aहिन्दी साहित्य
_9156264
942 _hO152,2N17:g, M8
_cTEXL
_2CC
999 _c342061
_d342061